[Event "ODJM A 2019"]
[Site "Willingen GER"]
[Date "2019.06.14"]
[Round "8"]
[White "Fröhlich, Franziska"]
[Black "Wachinger, David"]
[Result "0-1"]
[Termination "normal"]
[Board "28"]
[WhiteElo "1820"]
[BlackElo "2066"]
[PlyCount "108"]
[WhiteFideId "12988596"]
[BlackFideId "24692689"]
[EventCountry "GER"]
[EventRounds "9"]
[EventType "swiss"]
[EventDate "2019.06.08"]

1. e4 d5 2. exd5 Qxd5 3. Nc3 Qd8 4. d4 e6 5. Bc4 Nf6 6. Nf3 Be7 7. O-O O-O 8.
Qe2 a6 9. a4 b6 10. Ne4 Bb7 11. Neg5 Bd5 12. Bd3 h6 13. Nh3 Nc6 14. c3 Na5 15.
Nd2 c5 16. dxc5 bxc5 17. Bxa6 Qb6 18. Bb5 Rfd8 19. Nf4 Bb7 20. Nc4 Nxc4 21.
Qxc4 Ne8 22. Be3 Nc7 23. Qe2 e5 24. Nh5 Qg6 25. Ng3 Nxb5 26. axb5 Qe6 27. c4 f5
28. f3 Qf7 29. Bf2 Bd6 30. Qc2 g6 31. b4 Rac8 32. Rfc1 h5 33. Nf1 Qd7 34. bxc5
Bxc5 35. Bxc5 Rxc5 36. Ra7 Rdc8 37. Qb3 Qc7 38. Nd2 Qb6 39. Rxb7 Qxb7 40. Ra1
Rd8 41. Qe3 Rcc8 42. Ra6 Qg7 43. c5 e4 44. b6 Rd3 45. b7 Rb8 46. Qg5 Kh7 47.
fxe4 fxe4 48. h3 Rxb7 49. Nxe4 Qd4+ 50. Nf2 Rg7 51. Rd6 Qa1+ 52. Kh2 Rxd6 53.
cxd6 Qd4 54. Ne4 Qxe4 0-1

[Event "ODJM A 2019"]
[Site "Willingen GER"]
[Date "2019.06.14"]
[Round "8"]
[White "Reucker, Friedrich"]
[Black "Kolb, Tobias"]
[Result "1/2-1/2"]
[Termination "normal"]
[Board "29"]
[WhiteElo "1939"]
[BlackElo "1915"]
[PlyCount "90"]
[WhiteFideId "12993670"]
[BlackFideId "12992321"]
[EventCountry "GER"]
[EventRounds "9"]
[EventType "swiss"]
[EventDate "2019.06.08"]

1. d4 d5 2. c4 e6 3. Nc3 c6 4. cxd5 exd5 5. Qc2 Nf6 6. Bg5 Be7 7. e3 Bg4 8. Bd3
Nbd7 9. Nf3 Bh5 10. h3 Bg6 11. O-O Ne4 12. Bxe7 Qxe7 13. Bxe4 dxe4 14. Nd2 Nf6
15. Rab1 O-O 16. b4 a6 17. Rfc1 Rac8 18. Nc4 Nd5 19. Qb3 Nxc3 20. Rxc3 Bf5 21.
Nb6 Rcd8 22. Qc2 Rd6 23. Rc5 Bg6 24. Nc4 Re6 25. Ne5 f5 26. Nxg6 Rxg6 27. a4 h5
28. Qc4+ Kh7 29. Qe2 Qg5 30. f4 Qh4 31. Kf1 Rff6 32. b5 axb5 33. axb5 Rg3 34.
bxc6 bxc6 35. Rb2 Rfg6 36. Qf2 Rf3 37. gxf3 Qxh3+ 38. Ke1 Qh1+ 39. Qf1 Rg1 40.
Rf2 exf3 41. Rxf3 Rxf1+ 42. Rxf1 Qe4 43. Ke2 h4 44. Rcc1 h3 45. Rf2 Kg6 1/2-1/2

[Event "ODJM A 2019"]
[Site "Willingen GER"]
[Date "2019.06.14"]
[Round "8"]
[White "Schilay, Lorenz"]
[Black "Leser, Stefan"]
[Result "1-0"]
[Termination "normal"]
[Board "30"]
[WhiteElo "1888"]
[BlackElo "1779"]
[PlyCount "67"]
[WhiteFideId "12930180"]
[BlackFideId "12997706"]
[EventCountry "GER"]
[EventRounds "9"]
[EventType "swiss"]
[EventDate "2019.06.08"]

1. e4 e6 2. d4 d5 3. Nd2 Nf6 4. e5 Nfd7 5. Bd3 c5 6. c3 Nc6 7. Ne2 cxd4 8. cxd4
f6 9. exf6 Nxf6 10. O-O Bd6 11. Nf3 Qc7 12. Bd2 O-O 13. Rc1 Ng4 14. Ng3 g6 15.
Bc3 Qg7 16. Bb1 Bd7 17. Re1 Bf4 18. Rc2 Qh6 19. h3 Bxg3 20. fxg3 Nf6 21. Rce2
Nh5 22. Kh2 Ne7 23. Ne5 Bb5 24. Ng4 Qg5 25. Bd2 Bxe2 26. Rxe2 Nf4 27. Bxf4 Rxf4
28. gxf4 Qxf4+ 29. g3 Qf3 30. Qe1 Nf5 31. Rxe6 Rf8 32. Bxf5 gxf5 33. Nh6+ Kg7
34. Qe5+ 1-0

[Event "ODJM A 2019"]
[Site "Willingen GER"]
[Date "2019.06.14"]
[Round "8"]
[White "Pepi, Lucas"]
[Black "Grund, Sebastian"]
[Result "0-1"]
[Termination "normal"]
[Board "31"]
[WhiteElo "1918"]
[BlackElo "2051"]
[PlyCount "88"]
[WhiteFideId "12944920"]
[BlackFideId "12988626"]
[EventCountry "GER"]
[EventRounds "9"]
[EventType "swiss"]
[EventDate "2019.06.08"]

1. e4 c5 2. Nc3 Nc6 3. Nge2 g6 4. g3 Bg7 5. Bg2 d6 6. d3 e6 7. Be3 Nd4 8. O-O
Ne7 9. Qd2 Qa5 10. Rab1 Nec6 11. Bh6 Nxe2+ 12. Nxe2 Qxd2 13. Bxd2 O-O 14. Bc3
b5 15. Bxg7 Kxg7 16. c3 b4 17. Rfd1 Ba6 18. Bf1 Rab8 19. a3 bxa3 20. bxa3 Rxb1
21. Rxb1 Bxd3 22. Rd1 Bxe4 23. Rxd6 Rd8 24. Rxd8 Nxd8 25. Bg2 Bxg2 26. Kxg2 e5
27. Kf3 f5 28. Nc1 c4 29. Ke3 Kf6 30. f4 g5 31. Ne2 gxf4+ 32. gxf4 Ne6 33.
fxe5+ Kxe5 34. Kf3 Ng5+ 35. Ke3 Ne4 36. h4 f4+ 37. Nxf4 Nxc3 38. Nh3 Nd5+ 39.
Kd2 Kd4 40. Ng5 c3+ 41. Kc2 Ne3+ 42. Kc1 Kd3 43. Nxh7 Nf5 44. Nf6 Nd4 0-1

[Event "ODJM A 2019"]
[Site "Willingen GER"]
[Date "2019.06.14"]
[Round "8"]
[White "Zha, Kevin"]
[Black "Schlick, Stefan"]
[Result "0-1"]
[Termination "normal"]
[Board "32"]
[WhiteElo "1764"]
[BlackElo "2017"]
[PlyCount "84"]
[WhiteFideId "16208951"]
[BlackFideId "16211332"]
[EventCountry "GER"]
[EventRounds "9"]
[EventType "swiss"]
[EventDate "2019.06.08"]

1. e4 c6 2. d4 d5 3. e5 Bf5 4. h4 h6 5. g4 Bh7 6. e6 f6 7. Bd3 Qd6 8. Bf5 g6 9.
Bd3 Qxe6+ 10. Be3 Qf7 11. Nf3 Nd7 12. Qe2 O-O-O 13. c4 e6 14. Nc3 g5 15. Bxh7
Rxh7 16. Qc2 Rg7 17. O-O-O Kb8 18. Ne1 Be7 19. Qb3 gxh4 20. Rxh4 f5 21. Rh1
fxg4 22. Nd3 Bd6 23. Kb1 h5 24. Ka1 Ne7 25. Ne5 Nxe5 26. dxe5 Bxe5 27. Qa3 Nc8
28. cxd5 exd5 29. Na4 Rgg8 30. Rhe1 d4 31. Bd2 Bd6 32. Bb4 Rge8 33. Bxd6+ Nxd6
34. Nc5 Rxe1 35. Rxe1 Qxf2 36. Rd1 g3 37. Qa5 b6 38. Na6+ Kb7 39. Qa4 g2 40.
Nb4 Rc8 41. Qa6+ Kb8 42. Nd3 Qf1 0-1

[Event "ODJM A 2019"]
[Site "Willingen GER"]
[Date "2019.06.14"]
[Round "8"]
[White "Nasoyan, Maksim"]
[Black "Jurga, Jonas Vincent"]
[Result "0-1"]
[Termination "normal"]
[Board "33"]
[WhiteElo "1878"]
[BlackElo "1879"]
[PlyCount "40"]
[WhiteFideId "16220331"]
[BlackFideId "12968013"]
[EventCountry "GER"]
[EventRounds "9"]
[EventType "swiss"]
[EventDate "2019.06.08"]

1. d4 d5 2. Nc3 Nf6 3. Bf4 c6 4. Qd2 Bf5 5. f3 e6 6. g4 Bg6 7. e3 Bd6 8. h4 h5
9. g5 Ng8 10. Nh3 Ne7 11. e4 Bb4 12. Bg2 Nd7 13. Qe3 Nb6 14. b3 c5 15. O-O Rc8
16. Be5 Nd7 17. exd5 cxd4 18. Bxd4 Nf5 19. Qf2 Nxd4 20. dxe6 Nxe6 0-1

[Event "ODJM A 2019"]
[Site "Willingen GER"]
[Date "2019.06.14"]
[Round "8"]
[White "Kratz, Alexander"]
[Black "Kreutz, Jonas"]
[Result "0-1"]
[Termination "normal"]
[Board "34"]
[WhiteElo "1741"]
[BlackElo "1970"]
[PlyCount "36"]
[WhiteFideId "16228529"]
[BlackFideId "12970697"]
[EventCountry "GER"]
[EventRounds "9"]
[EventType "swiss"]
[EventDate "2019.06.08"]

1. e4 e6 2. d4 d5 3. exd5 exd5 4. Nf3 Bd6 5. c4 Nf6 6. Be2 O-O 7. O-O a6 8. Bg5
dxc4 9. Bxc4 b5 10. Bd3 Bb7 11. Nbd2 Nc6 12. a3 h6 13. Bh4 g5 14. Bg3 Bxg3 15.
fxg3 Nxd4 16. Bb1 Nxf3+ 17. gxf3 Qd4+ 18. Rf2 Rfe8 0-1

[Event "ODJM A 2019"]
[Site "Willingen GER"]
[Date "2019.06.14"]
[Round "8"]
[White "Klugstedt, Vincent C."]
[Black "Rothenberg, Jannik"]
[Result "0-1"]
[Termination "normal"]
[Board "35"]
[WhiteElo "1827"]
[BlackElo "1795"]
[PlyCount "110"]
[WhiteFideId "16216393"]
[BlackFideId "16204743"]
[EventCountry "GER"]
[EventRounds "9"]
[EventType "swiss"]
[EventDate "2019.06.08"]

1. d4 c5 2. Nf3 cxd4 3. Nxd4 Nc6 4. e4 g6 5. Nc3 Bg7 6. Be3 Nf6 7. Bc4 d6 8. f3
Bd7 9. Qd2 Rc8 10. Bb3 O-O 11. O-O-O Na5 12. g4 Nc4 13. Qe2 Nxe3 14. Qxe3 Rc5
15. h4 h5 16. gxh5 Rxh5 17. Kb1 Bh6 18. Qf2 Qb6 19. Qg2 Kh8 20. Nd5 Nxd5 21.
Bxd5 Bg7 22. Nb3 e6 23. Bc4 Rc8 24. Bd3 a5 25. c4 a4 26. Nc1 a3 27. Nb3 Ba4 28.
Qc2 axb2 29. Rdg1 Ra8 30. Be2 Bxb3 31. Qxb3 Qxb3 32. axb3 Ra1+ 33. Kc2 Kg8 34.
Rb1 Rxb1 35. Kxb1 Ra5 36. Kc2 Ra1 37. Rb1 Bd4 38. f4 Kg7 39. h5 b6 40. hxg6
fxg6 41. Bg4 Kf6 42. Bh3 e5 43. f5 gxf5 44. Bxf5 Kg5 45. Rxb2 Bxb2 46. Kxb2 Rf1
47. Bd7 Kf4 48. Bc6 Re1 49. Kc3 Rxe4 50. Kb4 Re3 51. Ba4 e4 52. Kb5 Rd3 53.
Kxb6 e3 54. c5 dxc5 55. Bb5 Rxb3 0-1

[Event "ODJM A 2019"]
[Site "Willingen GER"]
[Date "2019.06.14"]
[Round "8"]
[White "Matthes, Aaron"]
[Black "Khachatryan, Taron"]
[Result "0-1"]
[Termination "normal"]
[Board "36"]
[WhiteElo "1791"]
[BlackElo "1900"]
[PlyCount "58"]
[WhiteFideId "16227310"]
[BlackFideId "16216598"]
[EventCountry "GER"]
[EventRounds "9"]
[EventType "swiss"]
[EventDate "2019.06.08"]

1. d4 Nf6 2. c4 e6 3. Nf3 b6 4. Bg5 Bb7 5. Nbd2 Be7 6. e3 d5 7. Rc1 Nbd7 8. Be2
c5 9. O-O O-O 10. b3 Rc8 11. Qc2 Ne4 12. Bxe7 Qxe7 13. Ne5 Nxd2 14. Qxd2 Nxe5
15. dxe5 Rfd8 16. Qb2 d4 17. exd4 Rxd4 18. f4 Rcd8 19. Rcd1 Qh4 20. Rxd4 Rxd4
21. Qc1 g6 22. Qe3 Qd8 23. Qc1 Rd2 24. Rd1 Qd4+ 25. Kh1 Bxg2+ 26. Kxg2 Rxe2+
27. Kh3 Qf2 28. Rh1 Re3+ 29. Kg4 Qf3+ 0-1

[Event "ODJM A 2019"]
[Site "Willingen GER"]
[Date "2019.06.14"]
[Round "8"]
[White "Recktenwald, Cedric"]
[Black "Martin, Richard"]
[Result "0-1"]
[Termination "normal"]
[Board "37"]
[WhiteElo "1839"]
[BlackElo "1951"]
[PlyCount "60"]
[WhiteFideId "12971928"]
[BlackFideId "12925691"]
[EventCountry "GER"]
[EventRounds "9"]
[EventType "swiss"]
[EventDate "2019.06.08"]

1. e4 c5 2. Nf3 d6 3. Bb5+ Bd7 4. Bxd7+ Qxd7 5. O-O g6 6. d4 cxd4 7. Nxd4 Bg7
8. c4 Nc6 9. Be3 Nf6 10. Nc3 Ng4 11. Nc2 Nxe3 12. Nxe3 Rc8 13. Rc1 O-O 14. b3
f5 15. exf5 gxf5 16. Ned5 e6 17. Ne3 f4 18. Ng4 h5 19. Ne4 hxg4 20. Qxg4 Ne5
21. Qh3 Qe7 22. Rcd1 Rcd8 23. Rd2 d5 24. cxd5 Rxd5 25. Rc2 Nf7 26. Rfc1 Nd6 27.
Nd2 Rd8 28. g3 Nf5 29. Ne4 Rd1+ 30. Kg2 f3+ 0-1

[Event "ODJM A 2019"]
[Site "Willingen GER"]
[Date "2019.06.14"]
[Round "8"]
[White "Schrepp, Florian"]
[Black "Weimert, Miriam"]
[Result "1-0"]
[Termination "normal"]
[Board "38"]
[WhiteElo "1922"]
[BlackElo "1903"]
[PlyCount "47"]
[WhiteFideId "16239709"]
[BlackFideId "12966703"]
[EventCountry "GER"]
[EventRounds "9"]
[EventType "swiss"]
[EventDate "2019.06.08"]

1. e4 c6 2. Nc3 d5 3. Nf3 Bg4 4. h3 Bxf3 5. Qxf3 dxe4 6. Nxe4 e6 7. c3 Nd7 8.
d4 Ngf6 9. Ng3 Nd5 10. Be2 Be7 11. O-O N7f6 12. Qd3 Qc7 13. Bf3 O-O 14. Ne4
Rfd8 15. Qc2 h6 16. Bd2 Rd7 17. Rad1 Nxe4 18. Bxe4 Rad8 19. Bf3 c5 20. dxc5
Qxc5 21. Bxd5 Rxd5 22. Be3 Qa5 23. a3 Bc5 24. b4 1-0

[Event "ODJM A 2019"]
[Site "Willingen GER"]
[Date "2019.06.14"]
[Round "8"]
[White "Gluma, Christian"]
[Black "Noever, Niklas"]
[Result "1/2-1/2"]
[Termination "normal"]
[Board "39"]
[WhiteElo "1741"]
[BlackElo "1762"]
[PlyCount "64"]
[WhiteFideId "16223209"]
[BlackFideId "12988642"]
[EventCountry "GER"]
[EventRounds "9"]
[EventType "swiss"]
[EventDate "2019.06.08"]

1. e4 c5 2. Nf3 Nc6 3. d4 cxd4 4. Nxd4 g6 5. c4 Nf6 6. Nc3 Nxd4 7. Qxd4 Bg7 8.
Be3 d6 9. f3 O-O 10. Qd2 Be6 11. Rc1 Nd7 12. Be2 Qa5 13. b3 Rfc8 14. g4 h5 15.
h3 Kh7 16. f4 Nc5 17. Bf3 Rh8 18. f5 Bd7 19. Bd4 Rag8 20. fxg6+ fxg6 21. Bxg7
Rxg7 22. gxh5 gxh5 23. Ke2 Ne6 24. Nd5 Qxd2+ 25. Kxd2 h4 26. Bg4 Nc5 27. Bxd7
Nxd7 28. Rcg1 Rhg8 29. Rxg7+ Rxg7 30. Ne3 Ne5 31. Nf5 Rg2+ 32. Ke3 Ng6 1/2-1/2

[Event "ODJM A 2019"]
[Site "Willingen GER"]
[Date "2019.06.14"]
[Round "8"]
[White "Helmer, Jan"]
[Black "Baumann, Marcel"]
[Result "1-0"]
[Termination "normal"]
[Board "40"]
[WhiteElo "1900"]
[BlackElo "1866"]
[PlyCount "57"]
[WhiteFideId "12956686"]
[BlackFideId "12974668"]
[EventCountry "GER"]
[EventRounds "9"]
[EventType "swiss"]
[EventDate "2019.06.08"]

1. d4 Nf6 2. Nf3 g6 3. Nc3 Bg7 4. e4 O-O 5. Be3 d6 6. Qd2 Nbd7 7. Rd1 Nb6 8. a4
Bg4 9. a5 Bxf3 10. gxf3 Nbd7 11. Be2 c6 12. b4 Qc7 13. Na4 Rfd8 14. h4 c5 15.
c3 cxb4 16. cxb4 Rac8 17. Bd3 Nf8 18. Ke2 Qd7 19. Nc3 Rxc3 20. Qxc3 Ne6 21. Qd2
Nh5 22. Bc4 Nc7 23. d5 Nb5 24. Rc1 Be5 25. Kf1 e6 26. f4 Bg7 27. dxe6 fxe6 28.
f5 gxf5 29. Qe2 1-0

[Event "ODJM A 2019"]
[Site "Willingen GER"]
[Date "2019.06.14"]
[Round "8"]
[White "Pahl, Theis"]
[Black "Dornieden, Jonas"]
[Result "1-0"]
[Termination "normal"]
[Board "41"]
[WhiteElo "2029"]
[BlackElo "1864"]
[PlyCount "59"]
[WhiteFideId "16201264"]
[BlackFideId "1336460"]
[EventCountry "GER"]
[EventRounds "9"]
[EventType "swiss"]
[EventDate "2019.06.08"]

1. e4 c6 2. d4 d5 3. f3 dxe4 4. fxe4 e5 5. Nf3 exd4 6. Bc4 Qe7 7. O-O h6 8.
Nxd4 Nf6 9. e5 Nd5 10. Nc3 Qc5 11. Bxd5 cxd5 12. Kh1 Na6 13. Qf3 Qxd4 14. Qxf7+
Kd8 15. Rd1 Be6 16. Qxe6 Nc7 17. Rxd4 Nxe6 18. Rxd5+ Kc7 19. Be3 Be7 20. Rad1
Rhd8 21. Kg1 a6 22. a4 Bg5 23. Bxg5 Nxg5 24. h4 Ne6 25. Rd6 Rxd6 26. Rxd6 Nc5
27. Nd5+ Kb8 28. a5 Ka7 29. e6 Re8 30. e7 1-0

[Event "ODJM A 2019"]
[Site "Willingen GER"]
[Date "2019.06.14"]
[Round "8"]
[White "Brockmeyer, Tobias"]
[Black "Struck, Lasse"]
[Result "1-0"]
[Termination "normal"]
[Board "42"]
[WhiteElo "1896"]
[BlackElo "1770"]
[PlyCount "55"]
[WhiteFideId "12982385"]
[BlackFideId "16255623"]
[EventCountry "GER"]
[EventRounds "9"]
[EventType "swiss"]
[EventDate "2019.06.08"]

1. d4 Nf6 2. c4 c5 3. d5 e5 4. Nc3 d6 5. e4 Be7 6. Nf3 O-O 7. Be2 Ne8 8. O-O
Kh8 9. Re1 g6 10. Bh6 Rg8 11. Rb1 g5 12. h4 f6 13. h5 Nd7 14. Nh2 Nc7 15. Bg4
Rb8 16. Nf1 a6 17. a4 b5 18. axb5 axb5 19. cxb5 Nxb5 20. Nxb5 Rxb5 21. Be6 c4
22. Bxg8 Qxg8 23. Ne3 Nc5 24. Nxc4 Nb7 25. Ra1 Nd8 26. Ra7 Qe8 27. Bg7+ Kg8 28.
h6 1-0

[Event "ODJM A 2019"]
[Site "Willingen GER"]
[Date "2019.06.14"]
[Round "8"]
[White "Kesselmeier, Kevin"]
[Black "Uhlendorff, Luca"]
[Result "1-0"]
[Termination "normal"]
[Board "43"]
[WhiteElo "1937"]
[BlackElo "1735"]
[PlyCount "101"]
[WhiteFideId "16217551"]
[BlackFideId "16221923"]
[EventCountry "GER"]
[EventRounds "9"]
[EventType "swiss"]
[EventDate "2019.06.08"]

1. e4 d5 2. exd5 Qxd5 3. Nc3 Qd8 4. d4 Nf6 5. Nf3 Bg4 6. h3 Bxf3 7. Qxf3 c6 8.
Be3 e6 9. Bd3 Nbd7 10. O-O-O Bb4 11. Ne2 Nd5 12. Kb1 b5 13. g4 N7b6 14. g5 Nc4
15. Bc1 a5 16. h4 a4 17. h5 a3 18. b3 Nb2 19. Rdg1 Nxd3 20. Qxd3 Qd7 21. g6
hxg6 22. hxg6 Rxh1 23. Rxh1 O-O-O 24. c4 Nc7 25. cxb5 Nxb5 26. Qc4 Be7 27. gxf7
Bf6 28. Rh5 Nxd4 29. Ra5 Qd6 30. Ra8+ Kc7 31. Nxd4 Bxd4 32. Rxd8 Kxd8 33. f8=Q+
Qxf8 34. Qxd4+ Kc8 35. Qe4 Kd7 36. f4 Qc5 37. Be3 Qh5 38. Qd4+ Kc8 39. Kc2 Qh1
40. Qc3 Qe4+ 41. Qd3 Qg2+ 42. Bd2 Qh1 43. Qa6+ Kd7 44. Qxa3 Qe4+ 45. Kc1 Qh1+
46. Kb2 Qg1 47. Qb4 Qf2 48. Qc3 e5 49. fxe5 g5 50. Qe3 Qf7 51. e6+ 1-0

[Event "ODJM A 2019"]
[Site "Willingen GER"]
[Date "2019.06.14"]
[Round "8"]
[White "Yaroshenko, Yaroslav"]
[Black "Hagenbeck-Hübert, Lara"]
[Result "0-1"]
[Termination "normal"]
[Board "44"]
[WhiteElo "1761"]
[BlackElo "1861"]
[PlyCount "62"]
[WhiteFideId "16204905"]
[BlackFideId "12964484"]
[EventCountry "GER"]
[EventRounds "9"]
[EventType "swiss"]
[EventDate "2019.06.08"]

1. e4 Nf6 2. e5 Nd5 3. Bc4 Nb6 4. Bb3 d6 5. exd6 cxd6 6. d4 g6 7. Qf3 d5 8. Nc3
e6 9. Bf4 Bg7 10. Nb5 Na6 11. Nd6+ Kf8 12. Ne2 g5 13. Qh5 Qe7 14. Nxc8 Rxc8 15.
Bxg5 f6 16. Be3 Nb4 17. O-O-O Qc7 18. c3 a5 19. Kb1 a4 20. a3 axb3 21. axb4 Qd7
22. Kc1 Nc4 23. Rd2 Qa4 24. Kd1 Qa1+ 25. Nc1 Nxd2 26. Bxd2 Qxb2 27. Qh3 Qc2+
28. Ke2 Qe4+ 29. Qe3 b2 30. Nd3 Qxg2 31. Qxe6 Re8 0-1

[Event "ODJM A 2019"]
[Site "Willingen GER"]
[Date "2019.06.14"]
[Round "8"]
[White "Flach, Helene"]
[Black "Isler, Benjamin"]
[Result "1/2-1/2"]
[Termination "normal"]
[Board "45"]
[WhiteElo "1829"]
[BlackElo "1946"]
[PlyCount "44"]
[WhiteFideId "12929735"]
[BlackFideId "12975478"]
[EventCountry "GER"]
[EventRounds "9"]
[EventType "swiss"]
[EventDate "2019.06.08"]

1. e4 d5 2. exd5 Nf6 3. d4 Bg4 4. Be2 Bxe2 5. Qxe2 Qxd5 6. Nf3 e6 7. Nc3 Qa5 8.
O-O Nbd7 9. Bf4 c6 10. a3 Nh5 11. Bd2 Qc7 12. Ne5 Nhf6 13. Rfe1 Nxe5 14. dxe5
Nd5 15. Nxd5 cxd5 16. Bb4 Bxb4 17. Qb5+ Qd7 18. Qxb4 Rc8 19. Rac1 Rc4 20. Qd2
O-O 21. b3 Rc7 22. Red1 Rd8 1/2-1/2

[Event "ODJM A 2019"]
[Site "Willingen GER"]
[Date "2019.06.14"]
[Round "8"]
[White "Kemper, Yannick"]
[Black "Weigand, Anton"]
[Result "0-1"]
[Termination "normal"]
[Board "46"]
[WhiteElo "1856"]
[BlackElo "1889"]
[PlyCount "84"]
[WhiteFideId "12977470"]
[BlackFideId "16221915"]
[EventCountry "GER"]
[EventRounds "9"]
[EventType "swiss"]
[EventDate "2019.06.08"]

1. e4 e6 2. d4 d5 3. Nc3 dxe4 4. Nxe4 Nd7 5. Bd3 Ngf6 6. Qe2 Be7 7. Nf3 O-O 8.
O-O b6 9. c3 Bb7 10. Ng3 c5 11. Bf4 Nd5 12. Bd2 Qc7 13. c4 Nf4 14. Bxf4 Qxf4
15. d5 Bf6 16. Nh5 Qg4 17. Nxf6+ Nxf6 18. dxe6 Rae8 19. exf7+ Rxf7 20. Qd1 Nd7
21. Kh1 Rxf3 22. Be2 Rxe2 23. Qxe2 Qxg2+ 24. Kxg2 Re3+ 25. Kg1 Rxe2 26. Rad1
Ne5 27. Rd8+ Kf7 28. Rfd1 Bf3 29. R8d2 Rxd2 30. Rxd2 Bc6 31. Kf1 Nxc4 32. Rc2
Bb5 33. Ke1 Ne5 34. Rc3 Nd3+ 35. Kd2 Nxb2 36. Rb3 Nc4+ 37. Kc3 Ba6 38. Rb1 Nd6
39. Re1 Bb7 40. f3 g6 41. h4 h5 42. a3 Nf5 0-1